000 00780cam a2200253 a 4500
001 000013223
005 20250129142837.0
008 790517s1974 ag b 000 0 spa
035 _a(DLC) 75553809
040 _aDO-SdBNP
_cDLC
_dDLC
_dBNPHU
082 _a333.85
_bH565r
100 1 _aHerrera, Amílcar Oscar.
_930350
245 1 4 _aLos recursos minerales y los límites del crecimiento económico /
_cAmílcar O. Herrera.
260 _aBuenos Aires :
_bSiglo Veintiuno,
_c1974.
300 _a82 p. :
_bil. ;
_c20 cm.
490 1 _aEconomía
504 _aBibliografía: p. [81]-82.
650 4 _aMinerales
_930351
650 0 _aMinas
_930352
650 0 _aRecursos naturales
_9512
830 0 _aEconomía
_92914
910 _aCatalogación por copia / LC
049 _aBNGR
999 _c12855
_d12855